Heritage : critical approaches /

Bibliographic Details
Main Author: Harrison, Rodney, 1974-
Format: Book
Language:English
Published: London ; New York : Routledge, 2013.
Subjects:

MARC

Tag First Indicator Second Indicator Subfields
LEADER 00000cam a2200000 a 4500
001 in00002786714
005 20151202171634.0
008 120123s2013 enka b 001 0 eng
010 |a  2012001075 
020 |a 9780415591959 (hardback : alk. paper) 
020 |a 0415591953 (hardback : alk. paper) 
020 |a 9780415591973 (pbk. : alk. paper) 
020 |a 041559197X (pbk. : alk. paper) 
020 |a 9780203108857 (ebook) 
020 |a 020310885X (ebook) 
035 |a (OCoLC)ocn668197182 
040 |a DLC  |c DLC  |d UtOrBLW 
049 |a TXAM 
050 0 0 |a CC135  |b .H37 2013 
082 0 0 |a 363.6/9  |2 23 
100 1 |a Harrison, Rodney,  |d 1974- 
245 1 0 |a Heritage :  |b critical approaches /  |c Rodney Harrison. 
264 1 |a London ;  |a New York :  |b Routledge,  |c 2013. 
300 |a xv, 268 pages :  |b illustrations ;  |c 24 cm. 
336 |a text  |b txt  |2 rdacontent 
337 |a unmediated  |b n  |2 rdamedia 
338 |a volume  |b nc  |2 rdacarrier 
504 |a Includes bibliographical references and index. 
505 0 |a Introduction : heritage everywhere -- Some definitions : heritage, modernity, materiality -- Prehistories of world heritage : the emergence of a concept -- Late modernity and the heritage "boom" -- Critical heritage studies and the discursive turn -- Intangible heritage and cultural landscapes -- Heritage, diversity and human rights -- Heritage and the "problem" of memory -- Dialogical heritage and sustainability -- A future for the past? 
650 0 |a Cultural property. 
650 0 |a Historic preservation. 
650 0 |a Cultural policy. 
945 |a PromptCat  |b 115745 
946 |a stk 
947 |a A14836011858 
948 |a cataloged  |b h  |c 2012/12/10  |d c  |e dmitchel  |f 3:10:20 pm 
994 |a 92  |b TXA 
999 |a MARS 
999 f f |s ff260f3f-d0b7-3de4-8f71-98fd837b2adb  |i 6f82989e-c0d1-33cc-a9fe-010d5709d581  |t 0 
952 f f |p normal  |a Texas A&M University  |b College Station  |c Sterling C. Evans Library  |d Evans: Library Stacks  |t 0  |e CC135 .H37 2013  |h Library of Congress classification  |i unmediated -- volume  |m A14836011858 
998 f f |a CC135 .H37 2013  |t 0  |l Evans: Library Stacks